Locomotive centennial : Malayan railway 1885-1985

Bibliographic Details
Main Author: Haji Shamsuddin
Format: Book
Published: Kuala Lumpur : Penerbit Hidayah , 1985
Subjects:

MARC

LEADER 00000cam a2200000 7i4500
001 0000003595
002 000003869
005 20210812131734.0
020 |a 9679800024 
090 0 0 |a 385.3709   |b SHA 
100 0 |a Haji Shamsuddin 
245 1 0 |a Locomotive centennial :   |b Malayan railway 1885-1985   |c Haji Shamsuddin 
260 |a Kuala Lumpur :   |b Penerbit Hidayah ,   |c 1985 
300 |a 86p. :   |b ill ;   |c 22cm. 
610 0 0 |a Keretapi Tanah Melayu 
650 0 0 |a Locomotive   |z Malaysia   |y 1885-1985 
650 0 0 |a Trains   |x history   |z Malaysia 
999 |a 037101   |b BUKU   |c MALAYSIANA   |e PERPUSTAKAAN KOMUNITI PETALING JAYA